| 000 | 02183nim a22003618a 4500 | ||
|---|---|---|---|
| 001 | blz00007487 | ||
| 003 | CtWfDGI | ||
| 005 | 20200320191243.0 | ||
| 007 | sd fungnnmmned | ||
| 008 | 130130s2013 orunnnne f eng d | ||
| 020 | _a9781470881436 | ||
| 028 | 0 | 1 |
_aZ7487 _bBlackstone Audio |
| 040 |
_aCtWfDGI _beng _cCtWfDGI |
||
| 050 | 1 | 4 |
_aPS3556.O844 _bW4 2013d |
| 082 | 0 | 4 |
_a813/.54 _223 |
| 098 | 1 | 4 |
_aV _aFOWL _aWAA _a487 |
| 100 | 1 |
_aFowler, Karen Joy. _933695 |
|
| 245 | 1 | 0 |
_aWe are all completely beside ourselves _h[sound recording] : _b[a novel] / _cby Karen Joy Fowler. |
| 250 | _a[Library ed.], unabridged. | ||
| 260 |
_a[Ashland, OR] : _bBlackstone Audio, Inc., _cp2013. |
||
| 300 |
_asound discs (ca. hr.) : _bdigital ; _c4 3/4 in. |
||
| 500 | _aIN PROCESS RECORD. | ||
| 500 | _aSubtitle from container. | ||
| 500 | _aCompact disc. | ||
| 500 | _a"Tracks Every 3 Minutes." | ||
| 520 | _aNarrator, Rosemary Cook, begins her story in the middle. "I spent the first eighteen years of my life defined by this one fact: I was raised with a chimpanzee," she tells us. "It's never going to be the first thing I share with someone. I tell you Fern was a chimp and already you aren't thinking of her as my sister. But until Fern's expulsion, I'd scarcely known a moment alone. She was my twin, my funhouse mirror, my whirlwind other half, and I loved her as a sister." Rosemary was not yet six when Fern was removed. Over the years, she's managed to block a lot of memories. She's smart, vulnerable, innocent, and culpable. With some guile, she guides us through the darkness, penetrating secrets and unearthing memories, leading us deeper into the mystery she has dangled before us from the start. Stripping off the protective masks that have hidden truths too painful to acknowledge, in the end, "Rosemary" truly is for remembrance. | ||
| 655 | 7 |
_aAudiobooks. _2lcgft _95880385 |
|
| 710 | 2 |
_aBlackstone Audio, Inc. _95686062 |
|
| 942 |
_cCD _011 |
||
| 945 | _c(OCoLC)0826638028 | ||
| 948 |
_a06/12/2013 _zSirsi |
||
| 996 |
_a98100 _b34301001237751 _cCD _dCD _ewcl _fi _g11 _h76.00 _i.CIRCNOTE. 7 discs _j.PUBLIC. 7 discs _lblackstone _mFow _p06/12/2013 _q04/08/2019 _r04/01/2019 |
||
| 999 |
_c280997 _d280997 |
||